000 00597cam a2200169 4500
001 ABS61048
008 000000n1999 000 0 eng u
035 _a(Sirsi) u101602
100 _aMylius, A.
245 _aShades of brown.
260 _c1999
490 _aNew Civil Engineer
_v(1317) 8 July 1999, 16-19(4)
520 _aLooks at three projects that are rehabilitating redundant land. Warns that more developers will have to consider brownfield sites if the aims of the Urban Task Force report are to be realised.
650 _aURBAN TASK FORCE
690 _aURBAN RENEWAL
942 _n0
999 _c60734
_d60734